| 000 | 00483nam a22001817a 4500 | ||
|---|---|---|---|
| 001 | 10057 | ||
| 003 | FISKH | ||
| 005 | 20260403112024.0 | ||
| 008 | 260402b cb ||||| |||| 00| 0 eng d | ||
| 020 | _a9787557528782 | ||
| 040 |
_aFISKH _bchi _cFISKH _dFISKH |
||
| 082 | _a362.4 | ||
| 100 | _a严欢 | ||
| 245 |
_a 紧急号码我知道 ( I know the emergency numbers) / _c颜欢 |
||
| 300 |
_a23 pages : _bcolor illustrations ; _c23 cm . |
||
| 942 |
_2ddc _cBOOK _n0 |
||
| 999 |
_c10057 _d10057 |
||